Statistics for All Pokémon Moves Quiz

Click here to take the quiz!

General Stats

  • This quiz has been taken 1,597 times
    (484 since last reset)
  • The average score is 275 of 796

Answer Stats

Type Move % Correct
NormalTackle
91%
ElectricThunder
91%
ElectricThunderbolt
86%
PsychicPsychic
83%
FlyingFly
82%
FireFlamethrower
81%
GroundEarthquake
80%
FireFire Punch
79%
FireEmber
78%
DarkBite
78%
IceIce Punch
78%
WaterSurf
78%
ElectricThunder Punch
77%
WaterWater Gun
76%
WaterBubble
75%
NormalGrowl
75%
GroundDig
75%
IceIce Beam
74%
NormalScratch
74%
DarkCrunch
72%
WaterHydro Pump
72%
WaterWaterfall
71%
GrassVine Whip
71%
NormalCut
71%
NormalLeer
70%
ElectricThunder Wave
69%
NormalTail Whip
69%
PoisonToxic
69%
NormalRoar
69%
FireFire Blast
69%
NormalHyper Beam
69%
WaterBubble Beam
69%
IceBlizzard
68%
NormalQuick Attack
68%
GhostShadow Ball
68%
NormalFlash
68%
IceHail
67%
FireFire Fang
67%
GrassSleep Powder
67%
FightingRock Smash
67%
FlyingWing Attack
66%
GrassRazor Leaf
66%
NormalStrength
66%
NormalProtect
66%
SteelIron Tail
66%
FireSunny Day
65%
ElectricThunder Fang
65%
GrassGiga Drain
64%
IceIce Fang
64%
WaterRain Dance
63%
GrassSolar Beam
63%
GrassAbsorb
63%
PsychicConfusion
63%
FlyingPeck
62%
PoisonPoison Powder
62%
DragonDragon Dance
62%
DragonDragon Claw
62%
WaterDive
62%
RockSandstorm
62%
RockRock Throw
62%
NormalPound
62%
DarkDark Pulse
62%
NormalHeadbutt
62%
NormalBody Slam
62%
PsychicPsybeam
61%
GrassMega Drain
61%
PsychicHypnosis
61%
NormalExplosion
61%
PsychicRest
61%
NormalSlash
61%
GrassLeaf Blade
61%
NormalSwords Dance
61%
NormalHarden
60%
GrassLeech Seed
60%
GhostLick
60%
PoisonPoison Sting
60%
RockRock Slide
60%
NormalSelf-Destruct
60%
FightingHigh Jump Kick
60%
FlyingGust
60%
ElectricThunder Shock
60%
PoisonSludge
59%
NormalMega Punch
59%
ElectricCharge
59%
DragonDragon Pulse
59%
SteelSteel Wing
59%
PsychicReflect
59%
FireFlame Wheel
59%
NormalSplash
59%
WaterHydro Cannon
59%
PsychicLight Screen
58%
FireFire Spin
58%
DragonDragon Rage
58%
BugBug Bite
58%
GroundSand Attack
57%
WaterWater Pulse
57%
FightingDouble Kick
57%
GrassStun Spore
57%
PsychicTrick
57%
IceMist
56%
GhostCurse
56%
NormalMega Kick
55%
NormalSing
55%
FightingDetect
55%
NormalDouble Team
55%
PoisonAcid
55%
GroundSpikes
55%
DragonDragon Breath
55%
FightingKarate Chop
54%
FightingClose Combat
54%
RockRollout
54%
GrassSpore
54%
FlyingAerial Ace
54%
ElectricSpark
54%
GrassLeaf Storm
54%
NormalStomp
54%
GhostConfuse Ray
54%
FairyMoonblast
54%
BugString Shot
54%
NormalHorn Drill
53%
IceSheer Cold
53%
PoisonToxic Spikes
53%
NormalWhirlwind
53%
DragonDraco Meteor
53%
BugBug Buzz
53%
NormalWrap
53%
BugLeech Life
53%
NormalTransform
53%
NormalRecover
53%
GrassBullet Seed
53%
NormalMetronome
53%
FightingAura Sphere
52%
DragonDragon Tail
52%
WaterWhirlpool
52%
SteelMetal Claw
52%
PoisonSludge Bomb
51%
FireFlare Blitz
51%
FightingLow Kick
51%
SteelIron Head
51%
NormalAttract
51%
GroundFissure
51%
NormalExtreme Speed
51%
FireWill-O-Wisp
51%
RockAncient Power
51%
DragonOutrage
51%
PsychicAgility
51%
NormalDouble Slap
51%
PsychicTrick Room
51%
PsychicDream Eater
50%
RockStealth Rock
50%
FightingBulk Up
50%
DragonRoar of Time
50%
FightingMach Punch
50%
NormalGiga Impact
50%
RockRock Tomb
50%
NormalRage
50%
NormalFury Swipes
50%
FlyingDrill Peck
49%
FightingJump Kick
49%
FightingCounter
49%
SteelIron Defense
49%
FightingBrick Break
49%
PoisonPoison Fang
49%
FlyingAir Slash
49%
NormalScreech
49%
IceIcy Wind
49%
BugPowder
48%
FireBlast Burn
48%
WaterWithdraw
48%
NormalHyper Fang
48%
PsychicCalm Mind
48%
PsychicTeleport
48%
GhostShadow Claw
48%
WaterAqua Jet
48%
NormalHidden Power
47%
NormalSlam
47%
GroundMud-Slap
47%
NormalBind
47%
SteelFlash Cannon
47%
WaterMuddy Water
47%
NormalTri Attack
47%
ElectricElectric Terrain
47%
NormalSupersonic
47%
NormalDouble-Edge
47%
GroundEarth Power
47%
FlyingBrave Bird
47%
NormalSwift
47%
ElectricVolt Tackle
47%
NormalTake Down
46%
NormalBide
46%
NormalRock Climb
46%
ElectricElectro Ball
46%
GrassFrenzy Plant
46%
IceIce Shard
46%
PsychicPsyshock
46%
FireEruption
46%
FightingSeismic Toss
46%
FlyingBounce
45%
FairyDazzling Gleam
45%
BugX-Scissor
45%
GroundMagnitude
45%
NormalSleep Talk
45%
GhostShadow Sneak
45%
RockRock Blast
45%
NormalRapid Spin
45%
DarkNight Slash
45%
IceHaze
45%
PsychicPsycho Cut
45%
FairyMoonlight
44%
FireFlame Charge
44%
BugMegahorn
44%
DragonSpacial Rend
44%
PoisonPoison Jab
44%
NormalHorn Attack
44%
SteelBullet Punch
44%
FireOverheat
44%
DarkTaunt
44%
FightingFocus Blast
44%
NormalGuillotine
44%
WaterAqua Tail
44%
FightingFocus Punch
43%
NormalFeint
43%
FightingDrain Punch
43%
BugU-turn
43%
IceAurora Beam
43%
FairyCharm
43%
FlyingSky Attack
43%
NormalStruggle
43%
WaterScald
42%
FairyPlay Rough
42%
DarkThief
42%
WaterAqua Ring
42%
RockStone Edge
42%
FlyingAir Cutter
42%
NormalSuper Fang
42%
NormalGlare
42%
NormalMinimize
41%
NormalHowl
41%
PsychicAmnesia
41%
FireBlaze Kick
41%
GrassEnergy Ball
41%
GrassPetal Dance
41%
WaterWater Spout
41%
PsychicMirror Coat
41%
NormalScary Face
41%
PsychicZen Headbutt
41%
SteelGyro Ball
41%
FlyingRoost
41%
FightingSacred Sword
41%
GhostNight Shade
40%
FireFire Pledge
40%
GrassWood Hammer
40%
NormalFake Out
40%
GrassGrassy Terrain
40%
FairySweet Kiss
40%
FairyFairy Wind
40%
FlyingAeroblast
40%
DarkSucker Punch
40%
PoisonAcid Armor
40%
NormalHyper Voice
40%
ElectricDischarge
40%
NormalHelping Hand
40%
GhostDestiny Bond
39%
NormalSnore
39%
GroundMud Shot
39%
FireInferno
39%
GrassMagical Leaf
39%
FlyingDefog
39%
NormalPay Day
39%
NormalSwallow
39%
PoisonSmog
39%
PoisonPoison Gas
39%
DragonDragon Rush
39%
PsychicPsywave
39%
NormalReturn
39%
ElectricShock Wave
39%
NormalMean Look
39%
FireHeat Wave
39%
NormalShell Smash
39%
GrassGrass Pledge
39%
ElectricNuzzle
38%
NormalSketch
38%
GhostShadow Punch
38%
NormalGrowth
38%
DarkDarkest Lariat
38%
RockRock Polish
38%
NormalSubstitute
38%
FightingHammer Arm
38%
NormalLovely Kiss
38%
GhostNightmare
38%
WaterWater Pledge
38%
PoisonSludge Wave
38%
FairyMisty Terrain
38%
NormalEncore
38%
SteelKing's Shield
38%
IcePowder Snow
38%
NormalFalse Swipe
38%
GrassGrass Knot
38%
DragonTwister
38%
FlyingHurricane
38%
NormalMimic
38%
NormalWish
38%
FightingSuperpower
38%
ElectricZap Cannon
38%
NormalStockpile
38%
NormalFury Attack
38%
GrassSeed Bomb
37%
NormalForesight
37%
NormalFlail
37%
NormalFocus Energy
37%
IceIcicle Spear
37%
NormalDefense Curl
37%
PsychicBarrier
37%
WaterCrabhammer
37%
SteelMetal Sound
37%
FairyDraining Kiss
37%
GroundMud Bomb
37%
IceIce Ball
37%
NormalSpit Up
36%
NormalConstrict
36%
FlyingMirror Move
36%
GroundBulldoze
36%
BugQuiver Dance
36%
PsychicPsychic Terrain
36%
FirePyro Ball
36%
FireSacred Fire
36%
NormalBoomburst
36%
IceAvalanche
36%
GhostPhantom Force
36%
ElectricVolt Switch
36%
FightingCross Chop
36%
ElectricWild Charge
36%
PsychicCosmic Power
36%
ElectricCharge Beam
36%
ElectricElectroweb
36%
NormalBlock
35%
GrassAromatherapy
35%
PoisonGunk Shot
35%
FightingTriple Kick
35%
NormalFrustration
35%
SteelMeteor Mash
35%
NormalPerish Song
35%
NormalBelly Drum
35%
BugSignal Beam
35%
WaterWater Shuriken
35%
BugPin Missile
35%
NormalTail Slap
35%
NormalEgg Bomb
35%
NormalSoft-Boiled
35%
FairyBaby-Doll Eyes
35%
BugTwineedle
34%
SteelHeavy Slam
34%
NormalCopycat
34%
NormalConversion
34%
PoisonVenoshock
34%
PsychicPsycho Boost
34%
GroundSand Tomb
34%
IceIcicle Crash
34%
NormalWeather Ball
34%
DarkFake Tears
34%
GhostShadow Force
34%
NormalSkull Bash
34%
NormalSonic Boom
34%
FireFusion Flare
34%
ElectricFusion Bolt
34%
FireHeat Crash
34%
WaterWater Sport
34%
GrassSynthesis
34%
NormalDizzy Punch
33%
PsychicFuture Sight
33%
PsychicKinesis
33%
NormalComet Punch
33%
FairyGeomancy
33%
DarkNasty Plot
33%
NormalBaton Pass
33%
BugAttack Order
33%
NormalSmokescreen
33%
GrassPower Whip
33%
GrassLeaf Tornado
33%
FireBlue Flare
33%
DarkDark Void
33%
DarkFeint Attack
33%
BugSilver Wind
33%
NormalCrush Claw
33%
GrassGrass Whistle
32%
DarkKnock Off
32%
FireFlame Burst
32%
NormalFacade
32%
GrassIngrain
32%
ElectricBolt Strike
32%
PoisonPoison Tail
32%
GrassSpiky Shield
32%
NormalMorning Sun
32%
GroundMud Sport
32%
NormalConversion 2
32%
FlyingDragon Ascent
32%
FlyingTailwind
32%
NormalRazor Wind
32%
NormalUproar
32%
FlyingOblivion Wing
32%
NormalThrash
32%
DarkMemento
32%
RockHead Smash
32%
NormalSweet Scent
31%
NormalYawn
31%
IceFreeze-Dry
31%
FireV-Create
31%
GhostOminous Wind
31%
WaterSoak
31%
FightingPower-Up Punch
31%
NormalSecret Power
31%
DarkPursuit
31%
DarkFoul Play
31%
FightingRevenge
31%
NormalDouble Hit
31%
NormalVice Grip
31%
NormalSafeguard
31%
FightingSubmission
31%
WaterSnipe Shot
31%
PsychicHeal Pulse
31%
GhostHex
31%
BugDefend Order
31%
NormalLock-On
31%
ElectricMagnet Rise
31%
FightingSecret Sword
31%
RockPower Gem
31%
BugFury Cutter
31%
NormalMilk Drink
31%
NormalSwagger
31%
PsychicPsystrike
31%
BugStruggle Bug
31%
FireMystical Fire
30%
PsychicMeditate
30%
GrassSolar Blade
30%
NormalEndeavor
30%
PoisonCoil
30%
FightingLow Sweep
30%
PoisonAcid Spray
30%
FightingDynamic Punch
30%
WaterBrine
30%
NormalHeal Bell
30%
PsychicExtrasensory
30%
GhostAstonish
30%
FightingRolling Kick
30%
WaterRazor Shell
30%
IceAurora Veil
30%
NormalPsych Up
29%
NormalFollow Me
29%
WaterLiquidation
29%
GroundBone Club
29%
DarkSnarl
29%
GrassCotton Spore
29%
SteelDoom Desire
29%
BugSticky Web
29%
GroundDrill Run
28%
FireFiery Dance
28%
DarkHone Claws
28%
GrassCotton Guard
28%
FightingCircle Throw
28%
FlyingAcrobatics
28%
IceGlaciate
28%
WaterOrigin Pulse
28%
GhostSpirit Shackle
28%
NormalEndure
28%
WaterClamp
28%
FireLava Plume
28%
PsychicGravity
28%
RockRock Wrecker
28%
NormalOdor Sleuth
28%
SteelMagnet Bomb
28%
WaterSparkling Aria
28%
NormalJudgment
28%
FightingArm Thrust
28%
BugHeal Order
28%
FireIncinerate
27%
GroundThousand Arrows
27%
PsychicHealing Wish
27%
RockAccelerock
27%
SteelSunsteel Strike
27%
GroundBone Rush
27%
DarkFling
27%
GroundPrecipice Blades
27%
FireFire Lash
27%
GhostMoongeist Beam
27%
RockWide Guard
27%
GroundBonemerang
27%
SteelGear Grind
27%
GrassSeed Flare
27%
DarkBeat Up
27%
PsychicMagic Room
27%
PoisonCross Poison
27%
PsychicStored Power
26%
SteelShift Gear
26%
FightingReversal
26%
BugFirst Impression
26%
PsychicPower Swap
26%
GhostSpite
26%
FlyingPluck
26%
PsychicPsychic Fangs
26%
GrassHorn Leech
26%
FlyingChatter
26%
GroundHigh Horsepower
26%
NormalBarrage
26%
NormalMe First
26%
FightingSky Uppercut
25%
NormalTeeter Dance
25%
FlyingFeather Dance
25%
NormalPlay Nice
25%
PsychicGuard Swap
25%
FireMagma Storm
25%
PoisonBaneful Bunker
25%
FlyingSky Drop
25%
PsychicWonder Room
25%
IceFreeze Shock
25%
NormalPain Split
25%
NormalRound
25%
IceFrost Breath
25%
DarkTorment
25%
NormalLast Resort
25%
DarkSnatch
24%
PsychicMagic Coat
24%
FightingBody Press
24%
PsychicLunar Dance
24%
GrassBloom Doom
24%
DarkPayback
24%
DarkSwitcheroo
24%
FightingFlying Press
24%
BugRage Powder
24%
PsychicTelekinesis
24%
BugSpider Web
24%
GrassBloom Doom
24%
GhostTrick-or-Treat
24%
RockSmack Down
24%
NormalDisable
24%
DarkAssurance
24%
GrassDrum Beating
23%
GrassLeafage
23%
NormalBreakneck Blitz
23%
NormalBreakneck Blitz
23%
IceIce Hammer
23%
FightingAll-Out Pummeling
23%
FightingAll-Out Pummeling
23%
DragonDragon Hammer
23%
DragonClanging Scales
23%
BugInfestation
23%
SteelSteel Beam
23%
PsychicSkill Swap
23%
DragonDual Chop
23%
FightingVacuum Wave
23%
NormalRetaliate
23%
DarkEmbargo
23%
NormalWork Up
23%
FightingWake-Up Slap
23%
NormalCovet
23%
WaterOctazooka
23%
NormalCrush Grip
23%
PoisonVenom Drench
22%
SteelMirror Shot
22%
WaterFishious Rend
22%
WaterSteam Eruption
22%
NormalSharpen
22%
FightingForce Palm
22%
NormalCelebrate
22%
NormalHold Hands
22%
PsychicHeart Swap
22%
DragonDynamax Cannon
22%
GroundThousand Waves
22%
ElectricZing Zap
22%
NormalRelic Song
22%
NormalNature Power
22%
SteelMetal Burst
22%
NormalRecycle
22%
FairyFairy Lock
22%
GhostNever-Ending Nightmare
22%
GhostNever-Ending Nightmare
22%
FireInferno Overdrive
22%
FireInferno Overdrive
22%
WaterHydro Vortex
22%
WaterHydro Vortex
22%
ElectricGigavolt Havoc
22%
ElectricGigavolt Havoc
22%
NormalTickle
22%
NormalCamouflage
22%
BugTail Glow
22%
RockDiamond Storm
22%
DarkThroat Chop
22%
SteelAutotomize
22%
FairyDisarming Voice
22%
IceIce Burn
22%
PsychicHeart Stamp
22%
GhostGrudge
21%
NormalAssist
21%
PoisonAcid Downpour
21%
PoisonAcid Downpour
21%
DarkParting Shot
21%
FightingVital Throw
21%
NormalPresent
21%
ElectricParabolic Charge
21%
PsychicImprison
21%
NormalAfter You
21%
FairyTwinkle Tackle
21%
FairyTwinkle Tackle
21%
ElectricOverdrive
21%
FireBurn Up
21%
NormalTechno Blast
21%
PsychicLuster Purge
21%
SteelBehemoth Bash
20%
NormalAcupressure
20%
BugLunge
20%
FairyFleur Cannon
20%
PoisonBelch
20%
SteelCorkscrew Crash
20%
SteelCorkscrew Crash
20%
FlyingBeak Blast
20%
PsychicMist Ball
20%
DarkPower Trip
20%
GrassBranch Poke
20%
ElectricIon Deluge
20%
FightingQuick Guard
20%
DarkFlatter
20%
SteelAnchor Shot
20%
GrassPetal Blizzard
20%
SteelBehemoth Blade
20%
FightingStorm Throw
20%
GhostSpectral Thief
19%
NormalHead Charge
19%
NormalRefresh
19%
FireMax Flare
19%
NormalConfide
19%
DragonBreaking Swipe
19%
FightingFinal Gambit
19%
SteelSmart Strike
19%
PsychicSpeed Swap
19%
GrassMax Overgrowth
19%
PsychicAlly Switch
19%
ElectricPlasma Fists
19%
GroundStomping Tantrum
19%
PsychicPsycho Shift
19%
GrassForest's Curse
19%
NormalNoble Roar
19%
GroundLand's Wrath
19%
FireSearing Shot
19%
PsychicPower Split
19%
RockContinental Crush
19%
RockContinental Crush
19%
FireShell Trap
19%
DragonClangorous Soul
19%
NormalMind Reader
18%
SteelMax Steelspike
18%
NormalSimple Beam
18%
NormalRevelation Dance
18%
PsychicHyperspace Hole
18%
NormalMax Strike
18%
NormalNatural Gift
18%
DragonCore Enforcer
18%
GrassTrop Kick
18%
DarkBrutal Swing
18%
DarkHyperspace Fury
18%
GrassStrength Sap
18%
FightingMat Block
18%
GroundRototiller
18%
NormalMax Guard
18%
Electric10,000,000 Volt Thunderbolt
18%
PoisonClear Smog
18%
FairyNature's Madness
18%
GrassNeedle Arm
18%
DragonMax Wyrmwind
17%
DarkMalicious Moonsault
17%
RockMax Rockfall
17%
WaterMax Geyser
17%
ElectricBolt Beak
17%
NormalSmelling Salts
17%
ElectricAura Wheel
17%
NormalMulti-Attack
17%
FairyLet's Snuggle Forever
17%
DarkQuash
17%
FlyingSupersonic Skystrike
17%
PoisonGastro Acid
17%
DarkNight Daze
17%
PsychicGuard Split
17%
DragonDevastating Drake
17%
DragonDevastating Drake
17%
DarkTopsy-Turvy
17%
FlyingSupersonic Skystrike
17%
DarkPunishment
17%
NormalEchoed Voice
17%
NormalSlack Off
17%
GrassWorry Seed
17%
PsychicPrismatic Laser
16%
NormalHold Back
16%
GroundTectonic Rage
16%
PsychicHeal Block
16%
GroundTectonic Rage
16%
BugSavage Spin-Out
16%
BugSavage Spin-Out
16%
PsychicPhoton Geyser
16%
FlyingMax Airstream
16%
FightingMax Knuckle
16%
WaterOceanic Operetta
16%
NormalSpike Cannon
16%
NormalLaser Focus
16%
DarkObstruct
16%
PsychicMiracle Eye
16%
NormalHappy Hour
16%
DarkBlack Hole Eclipse
16%
DarkBlack Hole Eclipse
16%
IceSubzero Slammer
16%
IceSubzero Slammer
16%
GhostSinister Arrow Raid
16%
NormalLucky Chant
16%
BugMax Flutterby
15%
DragonDragon Darts
15%
FightingNo Retreat
15%
ElectricEerie Impulse
15%
DragonClangorous Soulblaze
15%
GroundMax Quake
15%
DarkMax Darkness
15%
FairyMax Starfall
15%
BugPollen Puff
15%
ElectricElectrify
15%
PsychicPower Trick
15%
DragonEternabeam
15%
GroundShore Up
15%
WaterLife Dew
15%
ElectricCatastropika
15%
PsychicInstruct
15%
PsychicShattered Psyche
15%
PsychicShattered Psyche
15%
SteelDouble Iron Bash
15%
BugSteamroller
15%
BugFell Stinger
15%
NormalTrump Card
15%
FairyDecorate
15%
FairyCrafty Shield
15%
NormalEntrainment
15%
GrassApple Acid
14%
PoisonMax Ooze
14%
FairySpirit Break
14%
NormalBestow
14%
NormalTeatime
14%
PsychicMax Mindstorm
14%
NormalCaptivate
14%
DarkBaddy Bad
14%
NormalWring Out
14%
SteelGear Up
14%
FireMind Blown
14%
PsychicRole Play
14%
NormalTearful Look
14%
GhostMax Phantasm
13%
NormalCourt Change
13%
GrassGrav Apple
13%
PoisonToxic Thread
13%
FightingOctolock
13%
PoisonPurify
13%
DarkFalse Surrender
13%
FightingMeteor Assault
12%
PsychicLight That Burns the Sky
12%
GhostShadow Bone
12%
WaterSplishy Splash
12%
ElectricMagnetic Flux
12%
NormalReflect Type
12%
FlyingFloaty Fall
12%
IceMax Hailstorm
12%
ElectricMax Lightning
12%
NormalExtreme Evoboost
12%
FairyGuardian of Alola
12%
FairyAromatic Mist
12%
WaterBouncy Bubble
11%
RockTar Shot
11%
ElectricZippy Zap
11%
NormalChip Away
11%
PsychicMagic Powder
11%
FairyLight of Ruin
11%
FairyFlower Shield
11%
PsychicGenesis Supernova
10%
NormalPulverizing Pancake
10%
PsychicSynchronoise
10%
RockSplintered Stormshards
10%
FireSizzly Slide
10%
GhostSoul-Stealing 7-Star Strike
9%
FairyStrange Steam
9%
DarkJaw Lock
9%
ElectricPika Papow
9%
ElectricBuzzy Buzz
9%
ElectricStoked Sparksurfer
9%
GrassSnap Trap
9%
FairyFloral Healing
9%
NormalSpotlight
8%
NormalStuff Cheeks
8%
NormalVeevee Volley
8%
IceFreezy Frost
8%
PsychicGlitzy Glow
8%
GhostMenacing Moonraze Maelstrom
8%
GrassSappy Seed
7%
SteelSearing Sunraze Smash
7%
FairySparkly Swirl
6%

Score Distribution

Percentile by Number Answered

Percent of People with Each Score

Your Score History

You have not taken this quiz since the last reset